Sigles plaques d'immatriculation européennes - Statistiques

Statistiques générales
  • Ce quiz a été pris 194 fois
  • Le résultat moyen est 27 sur 46
Statistiques - réponses
Hint Réponse % Correct
Autriche A
99%
Belgique B
99%
Espagne E
99%
France F
99%
Luxembourg L
99%
Allemagne D
98%
Suède S
96%
Italie I
95%
Hongrie H
93%
Malte M
93%
Portugal P
93%
Norvège N
91%
Albanie AL
90%
Vatican V
86%
Grèce GR
83%
Islande IS
81%
Suisse CH
80%
Roumanie RO
78%
Pologne PL
68%
Lituanie LT
64%
Danemark DK
57%
Irlande IRL
54%
Bulgarie BG
53%
Monaco MC
53%
Andorre AND
51%
Finlande FIN
50%
Moldavie MD
50%
Pays-Bas NL
50%
Slovénie SLO
50%
Chypre CY
48%
Estonie EST
48%
Russie RUS
43%
République Tchèque CZ
42%
Royaume-Uni GB
37%
Liechtenstein FL
35%
Ukraine UA
32%
Slovaquie SK
30%
Croatie HR
27%
Serbie SRB
26%
Lettonie LV
21%
Bosnie-Herzégovine BIH
12%
Biélorussie BY
12%
Kosovo RKS
7%
Monténégro MNE
4%
Macédoine du Nord NMK
4%
Saint-Marin RSM
4%
Aucun quiz correspondant
Distribution des résultats
% des personnes avec chaque résultat
Percentile par nombre de réponses
Votre historique - résultats
Vous n’avez pas pris ce quiz